Normal view
MARC view
- MAYNARD, H.B
Entry Personal Name
001 - CONTROL NUMBER
- control field: 75695
003 - CONTROL NUMBER IDENTIFIER
- control field: NUST
005 - DATE AND TIME OF LATEST TRANSACTION
- control field: 20210628205451.0
008 - FIXED-LENGTH DATA ELEMENTS
- fixed length control field: 210628|| aca||aabn | a|a d
040 ## - CATALOGING SOURCE
- Original cataloging agency: NUST
- Transcribing agency: NUST
100 ## - HEADING--PERSONAL NAME
- Personal name: MAYNARD, H.B
670 ## - SOURCE DATA FOUND
- Source citation: Work cat.: (NUST): MAYNARD, H.B, INDUSTRIAL ENGINEERING HANBOOK, 1971
